000 00662nam a2200217 4500
001 119663
003 ES-MaACL
005 20230906191353.0
007 t|
008 070214s1970 sp r ||||1| spa d
100 1 _aPerlman, Helen Harris.
_991289
245 1 3 _aEl trabajo social individualizado /
_cHelen Harris Perlman ; versión española Helena Estellés.
250 _a2ª. ed.
260 _aMadrid :
_bRialp,
_c1970.
300 _a305 p. ;
_c24 cm.
490 1 _aHombre y sociedad ;
_v11
700 0 _aEstellés, Helena.
_948099
830 0 _aHombre y sociedad ;
_v11
_9182556
852 _aES-MaACL
_jC-38059
_bR.76223
999 _c119663
_d119663